Obras de D. F. Quevedo Villgas [i.e. Villegas]. (Record no. 162803)

MARC details
000 -LEADER
campo de control de longitud fija 00555nam a2200169 i 4500
001 - NÚMERO DE CONTROL
campo de control 162803
003 - IDENTIFICADOR DE NÚMERO DE CONTROL
campo de control ES-MaACL
005 - FECHA Y HORA DE LA ÚLTIMA TRANSACCIÓN
campo de control 20240523063047.0
008 - DATOS DE LONGITUD FIJA--INFORMACIÓN GENERAL
campo de control de longitud fija 931025s1863 sp f |||| | spa d
100 1# - ENTRADA PRINCIPAL--NOMBRE DE PERSONA
Nombre de persona Quevedo, Francisco de,
Fechas asociadas al nombre 1580-1645
9 (RLIN) 94591
245 10 - MENCIÓN DEL TÍTULO
Título Obras de D. F. Quevedo Villgas [i.e. Villegas].
250 ## - MENCION DE EDICION
Mención de edición Ed. de lujo
Resto de la mención de edición ilustrada con láminas sueltas.
260 ## - PUBLICACIÓN, DISTRIBUCIÓN, ETC.
Lugar de publicación, distribución, etc. Madrid :
Nombre del editor, distribuidor, etc. Murcia y Marti,
Fecha de publicación, distribución, etc. 1863.
300 ## - DESCRIPCIÓN FÍSICA
Extensión 915, XVI p., [9] h. de lám. ;
Dimensiones 19 cm.
852 ## - LOCALIZACIÓN
Ubicación ES-MaACL
Número de control de estantería C-964
Nota libre - Enc. hol.
Holdings
Estatus retirado Estado de pérdida Estado de daño No para préstamo Colección Biblioteca de origen Biblioteca actual Ubicación en estantería Fecha de adquisición Fuente de adquisición Total de préstamos Signatura topográfica completa Código de barras Visto por última vez Precio de reemplazo Tipo de ítem Koha
        Libros del s. XIX Biblioteca del Ateneo de Madrid Biblioteca del Ateneo de Madrid Sala Palomar 17/01/2008     C-964 1170573 23/02/2023 23/02/2023 Libro impreso antiguo